| 000 | 00753nam a22002777a 4500 | ||
|---|---|---|---|
| 001 | BR8903115 | ||
| 003 | BR-BrBNA | ||
| 005 | 20230928093240.0 | ||
| 007 | ta | ||
| 008 | 230509b bl.||||| |||| 00| 0 por d | ||
| 040 |
_aBR-BrBNA _bpor _cBiblioteca Nacional de Agricultura |
||
| 041 | _a(Por) | ||
| 072 |
_aL01 _b7110 _b9340 |
||
| 090 | _ 7110 BR8903115 | ||
| 100 | 1 | _aMedeiros, L.S.de | |
| 110 | 1 |
_aMinisterio da Educacao e Cultura, Brasilia, DF (Brasil) _97005 |
|
| 245 | 1 | _aAs abelhas; fantasticos insetos produtores de mel | |
| 260 | 3 |
_aBrasilia, DF (Brasil): _c1970. |
|
| 300 | _a33 p. | ||
| 500 | _a4 illus. | ||
| 650 | _aABELHA | ||
| 650 | _aMEL | ||
| 650 | _aPRODUCAO ANIMAL | ||
| 909 |
_a202309 _bLucia _c55 _dLucia Elande |
||
| 942 | _cBK | ||
| 999 |
_c43874 _d43874 |
||